000 00755nam a2200205Ia 4500
003 GCL
005 20240530110143.0
008 140319s9999 xx 000 0 ara d
040 _aGCL /
_cGCL
082 0 4 _a257.2
_bع س
100 1 _aعوف محمود الكفراوى
245 1 0 _aسياسة الانفاق العام فى الاسلام وفى الفكر المالى الحديث :
_cعوف محمود الكفراوى
_bدراسة مقارنة /
260 _aالقاهرة :
_bمؤسسة شباب الجامعة ،
_c1989
300 _a704 ص ؛
_c24 سم
650 0 4 _aالاسلام
650 0 4 _aالاقتصاد الاسلامى
650 0 4 _aالاسلام والاقتصاد
650 0 4 _aالنظام المالى
942 _2ddc
_cBK
999 _c58991
_d58991